|
|
|
|
| LEADER |
00000nab a2200000ua 4500 |
| 001 |
vtls010799668 |
| 003 |
SK-MaSNL |
| 005 |
20260303152709.0 |
| 008 |
230222s2012 xo |||||||||||||||||slo| |
| 035 |
|
|
|a (urnnbn)urn:nbn:sk:snk:ar-a019or
|
| 035 |
|
|
|a (uuid)50877c08-e67e-49d2-a7a2-7c9b5e4623f5
|
| 035 |
|
|
|a urn:nbn:sk:snk-ab4dsm
|
| 040 |
|
|
|a SNKBUCL
|b slo
|c SNKBUCL
|e AACR2
|
| 041 |
0 |
|
|a slo
|
| 044 |
|
|
|a xo
|c SK
|
| 100 |
1 |
|
|a Petrušková, Anna
|4 aut
|9 804936
|
| 245 |
1 |
0 |
|a Fiškálna decentralizácia ako súčasť teórie fiškálneho federalizmu
|c Anna Petrušková
|
| 773 |
0 |
|
|t Verejná správa a spoločnosť
|g Roč. 13, č. 2 (2012), s. 71-79
|
| 954 |
|
|
|a odborná, vedecká literatúra pôvodná (slovenská)
|2 lita
|
| 958 |
|
|
|a OND
|
| 958 |
|
|
|a EUIPO
|
| 958 |
|
|
|a article3
|
| 999 |
|
|
|c 2024421
|d 2026351
|